000
00260nam a2200109Ia 4500
001
1272252
005
20260417151425.0
008
260417s9999 xx 000 0 und d
020
_a
9786256999534
245
0
_a
Komik mi?
_c
Ceylan Taş
260
_b
Ketebe Çocuk
999
_c
1272252
_d
1272252